Sports Quiz

Random Sports Quiz

Puerto Rican-born home run leaders Quiz Stats

 Plays Quiz not verified by Sporcle

Challenge
Share
Tweet
Embed
Score 0/20 Timer 05:00
0 Plays Today
Career HR Name % Correct
473Carlos Delgado
71.6%
434Juan Gonzalez
63.3%
240Roberto Clemente
62.7%
309Ivan Rodriguez
59.2%
280Carlos Beltran
58%
379Orlando Cepeda
49.1%
210Roberto Alomar
47.3%
287Bernie Williams
38.5%
261Jorge Posada
31.4%
306Ruben Sierra
24.3%
Career HR Name % Correct
260Javy Lopez
20.7%
204Jose Cruz, Jr.
18.9%
165Jose Cruz, Sr.
17.2%
249Jose Valentin
14.8%
217Benito Santiago
14.8%
168Jose Hernandez
13%
223Mike Lowell
11.8%
262Danny Tartabull
4.7%
148Sixto Lezcano
4.1%
146Candy Maldonado
4.1%

You're not logged in!

Compare scores with friends on all Sporcle quizzes.
OR
Log In

You Might Also Like...

Show Comments

Extras

Top Quizzes Today


Score Distribution

Your Account Isn't Verified!

In order to create a playlist on Sporcle, you need to verify the email address you used during registration. Go to your Sporcle Settings to finish the process.

Report this User

Report this user for behavior that violates our Community Guidelines.

Details: